000
00256nam a22000977a 4500
999
_c
11278
_d
11278
008
190115b ||||| |||| 00| 0 eng d
020
_a
9788122313123
100
_a
Doyle Conn Arthur
_9
7021
245
_a
Sherlock Holmes
260
_a
New Delhi
_b
Pustak Mahal
_c
2018